<?xml version="1.0" encoding="UTF-8"?>
<record
    xmlns:xsi="http://www.w3.org/2001/XMLSchema-instance"
    xsi:schemaLocation="http://www.loc.gov/MARC21/slim http://www.loc.gov/standards/marcxml/schema/MARC21slim.xsd"
    xmlns="http://www.loc.gov/MARC21/slim">

  <leader>00804nam a22002417a 4500</leader>
  <controlfield tag="003">UA-OsUOA</controlfield>
  <controlfield tag="001"> 46037 </controlfield>
  <controlfield tag="007">ta</controlfield>
  <controlfield tag="008">20070529b un ||||| |||| 00| 0 ukr d</controlfield>
  <datafield tag="100" ind1=" " ind2=" ">
    <subfield code="a">&#x411;&#x430;&#x43B;&#x430;&#x43A;&#x43B;&#x438;&#x446;&#x44C;&#x43A;&#x438;&#x439; &#x41C;.&#x410;.</subfield>
  </datafield>
  <datafield tag="090" ind1=" " ind2=" ">
    <subfield code="a">82-4:070</subfield>
    <subfield code="b">&#x411;20</subfield>
  </datafield>
  <datafield tag="942" ind1=" " ind2=" ">
    <subfield code="c">BK</subfield>
  </datafield>
  <datafield tag="040" ind1=" " ind2=" ">
    <subfield code="a">UA-OsUOA</subfield>
    <subfield code="b">ukr</subfield>
    <subfield code="c">UA-OsUOA</subfield>
    <subfield code="d">UA-OsUOA</subfield>
  </datafield>
  <datafield tag="245" ind1=" " ind2=" ">
    <subfield code="a">&#x415;&#x441;&#x435; &#x44F;&#x43A; &#x445;&#x443;&#x434;&#x43E;&#x436;&#x43D;&#x44C;&#x43E;-&#x43F;&#x443;&#x431;&#x43B;&#x456;&#x446;&#x438;&#x441;&#x442;&#x438;&#x447;&#x43D;&#x438;&#x439; &#x436;&#x430;&#x43D;&#x440;</subfield>
    <subfield code="b">&#x41C;&#x435;&#x442;&#x43E;&#x434;&#x438;&#x447;&#x43D;&#x456; &#x43C;&#x430;&#x442;&#x435;&#x440;&#x456;&#x430;&#x43B;&#x438; &#x434;&#x43B;&#x44F; &#x441;&#x442;&#x443;&#x434;&#x435;&#x43D;&#x442;&#x456;&#x432; &#x437;&#x456; &#x441;&#x43F;&#x435;&#x446;&#x456;&#x430;&#x43B;&#x44C;&#x43D;&#x43E;&#x441;&#x442;&#x456; "&#x416;&#x443;&#x440;&#x43D;&#x430;&#x43B;&#x456;&#x441;&#x442;&#x438;&#x43A;&#x430;"</subfield>
  </datafield>
  <datafield tag="300" ind1=" " ind2=" ">
    <subfield code="a">74 &#x441;.</subfield>
  </datafield>
  <datafield tag="955" ind1=" " ind2=" ">
    <subfield code="a">2</subfield>
  </datafield>
  <datafield tag="041" ind1=" " ind2=" ">
    <subfield code="a">ukr</subfield>
  </datafield>
  <datafield tag="080" ind1=" " ind2=" ">
    <subfield code="a">82-4:070</subfield>
  </datafield>
  <datafield tag="020" ind1=" " ind2=" ">
    <subfield code="a">966-444-0361</subfield>
  </datafield>
  <datafield tag="260" ind1=" " ind2=" ">
    <subfield code="a">&#x425;.</subfield>
    <subfield code="b">&#x425;&#x41D;&#x423; &#x456;&#x43C;. &#x412;.&#x41D;. &#x41A;&#x430;&#x440;&#x430;&#x437;&#x456;&#x43D;&#x430;</subfield>
    <subfield code="c">2007</subfield>
  </datafield>
  <datafield tag="650" ind1=" " ind2="7">
    <subfield code="a">82 &#x41B;&#x456;&#x442;&#x435;&#x440;&#x430;&#x442;&#x443;&#x440;&#x430;. &#x41B;&#x456;&#x442;&#x435;&#x440;&#x430;&#x442;&#x443;&#x440;&#x43E;&#x437;&#x43D;&#x430;&#x432;&#x441;&#x442;&#x432;&#x43E;</subfield>
    <subfield code="2">UDC</subfield>
  </datafield>
  <datafield tag="999" ind1=" " ind2=" ">
    <subfield code="c">332134</subfield>
    <subfield code="d">332134</subfield>
  </datafield>
  <datafield tag="952" ind1=" " ind2=" ">
    <subfield code="0">0</subfield>
    <subfield code="1">0</subfield>
    <subfield code="2">udc</subfield>
    <subfield code="4">0</subfield>
    <subfield code="7">0</subfield>
    <subfield code="a">102</subfield>
    <subfield code="b">102</subfield>
    <subfield code="d">2007-05-29</subfield>
    <subfield code="e">104/2007</subfield>
    <subfield code="g">2.00</subfield>
    <subfield code="i">104872</subfield>
    <subfield code="l">0</subfield>
    <subfield code="o">82-4:070 &#x411;20</subfield>
    <subfield code="p">104872</subfield>
    <subfield code="r">2021-11-08 00:00:00</subfield>
    <subfield code="w">2007-05-29</subfield>
    <subfield code="y">BK</subfield>
  </datafield>
</record>
